Algo con después / (Record no. 196536)

MARC details
000 -LEADER
campo de control de longitud fija 01254nam a2200301 i 4500
001 - NÚMERO DE CONTROL
campo de control 196536
003 - IDENTIFICADOR DE NÚMERO DE CONTROL
campo de control ES-MaACL
005 - FECHA Y HORA DE LA ÚLTIMA TRANSACCIÓN
campo de control 20241016063114.0
007 - CAMPO FIJO DE DESCRIPCIÓN FÍSICA--INFORMACIÓN GENERAL
campo de control de longitud fija ta
008 - DATOS DE LONGITUD FIJA--INFORMACIÓN GENERAL
campo de control de longitud fija 241004b196 sp ||||| |||| 00| 0 spa d
017 ## - NÚMERO DE COPYRIGHT O DE DEPÓSITO LEGAL
Número de copyright o de depósito legal M Sep. 3875/1958
040 ## - FUENTE DE CATALOGACIÓN
Lengua de catalogación spa
Centro/agencia transcriptor ES-MaACL
Centro/agencia modificador ES-MaACL
100 1# - ENTRADA PRINCIPAL--NOMBRE DE PERSONA
9 (RLIN) 92144
Nombre de persona Pinillos, Manuel,
Fechas asociadas al nombre 1914- 1989
Término indicativo de función/relación Autor
245 ## - MENCIÓN DEL TÍTULO
Título Algo con después /
Mención de responsabilidad, etc. Manuel Pinillos
260 ## - PUBLICACIÓN, DISTRIBUCIÓN, ETC.
Lugar de publicación, distribución, etc. [Madrid :
Nombre del editor, distribuidor, etc. s.n.],
Fecha de publicación, distribución, etc. 1964.
Fabricante (Imp. Boletín Oficial del Estado)
300 ## - DESCRIPCIÓN FÍSICA
Extensión 9 p.;
Dimensiones 24 cm
336 ## - TIPO DE CONTENIDO
Fuente rdacontent
Término de tipo de contenido texto
337 ## - TIPO DE MEDIO
Fuente rdamedia
Nombre/término del tipo de medio sin mediación
338 ## - TIPO DE SOPORTE
Fuente rdacarrier
Nombre/término del tipo de soporte volumen
500 ## - NOTA GENERAL
Nota general Tirada aparte de la revista "Cuadernos hispanoamericanos" n.º 175-176
655 #7 - TERMINO DE INDIZACIÓN--GENERO/FORMA
Fuente del término tgfbne
9 (RLIN) 176539
Datos o término principal de género/forma Poesías
852 ## - LOCALIZACIÓN
Ubicación ES-MaACL
Ubicación en estantería Depósito folletos
Número de control de estantería FOLL-BUE-32
Anotaciones manuscritas Dedicatoria manuscrita del autor, Manuel Pinillos, para Antonio Buero Vallejo en cubierta reverso: "A Antonio Buero Vallejo, nuevo saludo, nuevo abrazo; vieja amistad, [Firma] 64"
Donativo/Legado Legado: Antonio Buero Vallejo
itemnumber 204254
903 ## - NOMBRE PERSONAL DE DONANTE
9 32421
a Buero Vallejo, Antonio,
q 1
d 1916-2000
e Donante
942 ## - ELEMENTOS DE ENTRADA SECUNDARIOS (KOHA)
Suprimir en OPAC No
Tipo de ítem Koha Folleto
Holdings
Estatus retirado Estado de pérdida Fuente del sistema de clasificación o colocación Estado de daño No para préstamo Colección Biblioteca de origen Biblioteca actual Ubicación en estantería Fecha de adquisición Fuente de adquisición Total de préstamos Signatura topográfica completa Código de barras Visto por última vez Precio de reemplazo Tipo de ítem Koha Nota pública
    Clasificación decimal universal     Libros con dedicatorias Biblioteca del Ateneo de Madrid Biblioteca del Ateneo de Madrid Depósito folletos 04/10/2024 Legado   FOLL-BUE-32 101229077 04/10/2024 04/10/2024 Folleto Dedicatoria manuscrita del autor, Manuel Pinillos, para Antonio Buero Vallejo.